Better English / (Record no. 31939)

MARC details
000 -LEADER
fixed length control field 01031nam a22002417a 4500
005 - DATE AND TIME OF LATEST TRANSACTION
control field 2009111306196.0
008 - FIXED-LENGTH DATA ELEMENTS--GENERAL INFORMATION
fixed length control field 091113t xxu||||| |||| 00| 0 eng d
010 ## - LCCN (DPL NO)
LC control number ENG-95503
020 ## - INTERNATIONAL STANDARD BOOK NUMBER
International Standard Book Number 9788131306406
Terms of availability 495.00
035 ## - SYSTEM CONTROL NUMBER
System control number EN-78037
037 ## - SOURCE OF ACQUISITION
Source of stock number/acquisition DBAD/PUB
040 ## - CATALOGING SOURCE
Original cataloging agency DPL
082 ## - DEWEY DECIMAL CLASSIFICATION NUMBER
Classification number 483.1
100 ## - MAIN ENTRY--PERSONAL NAME
Personal name Tarafder, S. K.
245 ## - TITLE STATEMENT
Title Better English /
Statement of responsibility, etc by S.K. Tarafder
260 ## - PUBLICATION, DISTRIBUTION, ETC. (IMPRINT)
Place of publication, distribution, etc New Delhi
Name of publisher, distributor, etc APH. Publishing Corporation
Date of publication, distribution, etc 2009
270 ## - ADDRESS
Address 4435-36/7 Ansari Road, Darya Ganj
City New Delhi
Postal code 110002
300 ## - PHYSICAL DESCRIPTION
Extent 217p.
Dimensions 22 cm.(Hb)
500 ## - GENERAL NOTE
General note Better book of idioms, homonyms, appropriate prepositions and abbreviations
942 ## - ADDED ENTRY ELEMENTS (KOHA)
Source of classification or shelving scheme Dewey Decimal Classification
Item type English Books
Call number suffix TAR
Classification part 483.1
Holdings
Withdrawn status Lost status Source of classification or shelving scheme Damaged status Not for loan Collection code Home library Current library Date acquired Source of acquisition Cost, normal purchase price Total Checkouts Full call number Barcode Date last seen Copy number Cost, replacement price Koha item type
    Dewey Decimal Classification   Not For Loan Non-fiction D.B.Act.Division D.B.Act.Division 19/11/2009 DBAD / PUB 495.00   483.1 TAR EN-79037 19/11/2009 1 495.00 English Books

© Delhi Public Library
Hit Counter
free hit counter